000
00345 a2200157 4500
001
74358
020
_a
9788532272553
040
_c
Anchieta - Colégio São Paulo
100
_a
Martins, Cládio
240
1
0
_a
Branca de medo
_l
por
245
1
0
_a
Branca de medo
300
_a
22
362
0
_a
2010
650
4
_a
Literatura infantil
942
_c
BK
999
_c
74358
_d
74358